Đánh giá mức độ tổn thương do biến đổi khí hậu của các hộ dân ven biển tỉnh Bến Tre /
Gardado en:
| Outros autores: | , , |
|---|---|
| Formato: | Artigo |
| Idioma: | Vietnamese |
| Những chủ đề: | |
| Các nhãn: |
Engadir etiqueta
Sen Etiquetas, Sexa o primeiro en etiquetar este rexistro!
|
| Thư viện lưu trữ: | Thư viện Trường Đại học Đà Lạt |
|---|
| LEADER | 00930nam a2200301 4500 | ||
|---|---|---|---|
| 001 | DLU130155975 | ||
| 005 | ##20131101 | ||
| 040 | # | # | |a DLU |b vie |
| 041 | # | # | |a vie |
| 044 | # | # | |a vn |
| 245 | # | # | |a Đánh giá mức độ tổn thương do biến đổi khí hậu của các hộ dân ven biển tỉnh Bến Tre / |c Nguyễn Thị Kim Anh,...[và những người khác]. |
| 653 | # | # | |a Biến đổi khí hậu |
| 653 | # | # | |a Hộ gia đình |
| 653 | # | # | |a Nuôi trồng thủy sản |
| 653 | # | # | |a Sản xuất nông nghiệp |
| 653 | # | # | |a Tác động |
| 700 | # | # | |a Hồ Xuân Hướng. |
| 700 | # | # | |a Lê Thị Huyền Trang. |
| 700 | # | # | |a Bùi Nguyễn Phúc Thiên Chương. |
| 773 | # | # | |t Kinh tế và phát triển |g Số 194, 2013, tr. 63-73 |
| 994 | # | # | |a DLU |
| 900 | # | # | |a True |
| 911 | # | # | |a Hoàng Thị Huyền |
| 925 | # | # | |a G |
| 926 | # | # | |a A |
| 927 | # | # | |a BB |
| 980 | # | # | |a Thư viện Trường Đại học Đà Lạt |